الشخصية الإسلامية : (رقم التسجيلة. 128013)
[ عرض عادي ]
| 000 -الفاتح | |
|---|---|
| عناصر البيانات ثابتة الطول | 00763cam a2200205 i 4500 |
| 005 - تاريخ ووقت آخر معاملة | |
| حقل ضبط | 20251224104852.0 |
| 008 - عناصر البيانات ثابتة الطول | |
| عناصر البيانات ثابتة الطول | 250721r2013 jo gr 000 0 ara d |
| 020 ## - الترقيم الدولي المعياري للكتب (ردمك) | |
| الترقيم الدولي المعياري للكتب (ردمك) | 9789957479992 |
| 082 14 - رقم تصنيف ديوي العشري | |
| رقم التصنيف | 218.51 |
| رقم المادة | ش د ي |
| 100 1# - مدخل رئيسي – اسم شخصي | |
| الاسم الشخصي | الشديفات، رياض خليف |
| علاقة الشخص بالعمل/ دوره | مؤلف. |
| 245 12 - بيان العنوان | |
| العنوان | الشخصية الإسلامية : |
| بقية العنوان | نهج الدعوة وخطة التربية و البناء / |
| بيان المسؤولية | تاليف الدكتور رياض خليف الشديفات. |
| 250 ## - بيان الطبعة | |
| بيان الطبعة | الطبعة الاولى. |
| 264 31 - بيانات النشر، التوزيع…إلخ | |
| مكان النشر، التوزيع...إلخ | عمان : |
| اسم الناشر، الموزع...إلخ | دار الاعلام، |
| تاريخ النشر، التوزيع...إلخ | 2013. |
| 300 ## - الوصف المادي | |
| عدد الوحدات المكونة للوعاء | 204 صفحة. |
| 650 17 - مدخل إضافي بالموضوع - مصطلح موضوعي | |
| مصطلح موضوعي أو اسم جغرافي كعنصر مدخل | الآداب الإسلامية. |
| 650 17 - مدخل إضافي بالموضوع - مصطلح موضوعي | |
| مصطلح موضوعي أو اسم جغرافي كعنصر مدخل | الإسلام. |
| 650 17 - مدخل إضافي بالموضوع - مصطلح موضوعي | |
| مصطلح موضوعي أو اسم جغرافي كعنصر مدخل | الوعظ و الإرشاد. |
| 942 ## - بيانات إضافية (كوها) | |
| نوع التنصيف | Dewey Decimal Classification |
| نوع المادة (كوها) | كتب |
| حالة السحب | حالة الفقدان | مصدر التصنيف | حالة التلف | غير قابل للإعارة | المكتبة الرئيسية | المكتبة الحالية | موقع الرف | تاريخ التزويد | الرقم المتسلسل | Total Checkouts | رقم الإستدعاء | الباركود | تاريخ آخر ظهور | تاريخ الفاتورة | نوع المادة (كوها) |
|---|---|---|---|---|---|---|---|---|---|---|---|---|---|---|---|
| Dewey Decimal Classification | المكتبة المركزية | المكتبة المركزية | الإعارة | 28/07/2025 | 1559146 | 218.51 / ش د ي | PLD00288875 | 28/07/2025 | 28/07/2025 | كتب | |||||
| Dewey Decimal Classification | Not For Loan | المكتبة المركزية | المكتبة المركزية | النتاج الفكري الأردني | 05/12/2013 | 1559147 | 218.51/شدي | PLD00289626 | 28/07/2025 | 05/12/2013 | كتب | ||||
| Dewey Decimal Classification | المكتبة المركزية | المكتبة المركزية | مقتنيات قسم التزويد | 28/07/2025 | 1559148 | 218.51/شدي | 28/07/2025 | 28/07/2025 | كتب | ||||||
| Dewey Decimal Classification | المكتبة المركزية | المكتبة المركزية | مقتنيات قسم التزويد | 28/07/2025 | 1559149 | 218.51/شدي | 28/07/2025 | 28/07/2025 | كتب | ||||||
| Dewey Decimal Classification | مكتبة أبو علندا العامة | مكتبة أبو علندا العامة | الإعارة | 05/12/2013 | 1559160 | 218.51/شدي | PLD00289638 | 28/07/2025 | 05/12/2013 | كتب | |||||
| Dewey Decimal Classification | مكتبة أم قصير والمقابلين العامة | مكتبة أم قصير والمقابلين العامة | الإعارة | 05/12/2013 | 1559157 | 218.51/شدي | PLD00289633 | 28/07/2025 | 05/12/2013 | كتب | |||||
| Dewey Decimal Classification | مكتبة الاميرة بديعة | مكتبة الاميرة بديعة | الإعارة | 05/12/2013 | 1559153 | 218.51/شدي | PLD00289630 | 28/07/2025 | 05/12/2013 | كتب | |||||
| Dewey Decimal Classification | مكتبة الجويدة | مكتبة الجويدة | الإعارة | 05/12/2013 | 1559155 | 218.51/شدي | PLD00289635 | 28/07/2025 | 05/12/2013 | كتب | |||||
| Dewey Decimal Classification | مكتبة الحسن العامة | مكتبة الحسن العامة | الإعارة | 05/12/2013 | 1559152 | 218.51/شدي | PLD00289629 | 28/07/2025 | 05/12/2013 | كتب | |||||
| Dewey Decimal Classification | مكتبة النصر العامة | مكتبة النصر العامة | الإعارة | 05/12/2013 | 1559154 | 218.51/شدي | PLD00289636 | 28/07/2025 | 05/12/2013 | كتب | |||||
| Dewey Decimal Classification | مكتبة حمزة العامة | مكتبة حمزة العامة | الإعارة | 05/12/2013 | 1559158 | 218.51/شدي | PLD00289632 | 28/07/2025 | 05/12/2013 | كتب | |||||
| Dewey Decimal Classification | مكتبة وادي السير العامة | مكتبة وادي السير العامة | الإعارة | 05/12/2013 | 1559159 | 218.51/شدي | PLD00289637 | 28/07/2025 | 05/12/2013 | كتب | |||||
| Dewey Decimal Classification | مكتبةمؤتة | مكتبةمؤتة | الإعارة | 05/12/2013 | 1559156 | 218.51/شدي | PLD00289634 | 28/07/2025 | 05/12/2013 | كتب |